最常见中文汉字读音top14 The most common pinyin top14 - Statistics

General Stats
  • This quiz has been taken 46 times
  • The average score is 6 of 14
Answer Stats
读音 字数 音调 % Correct
shì 32 4
76%
57 4
76%
41 4
55%
zhì 37 4
55%
34 1
52%
34 4
50%
36 2
48%
26 2
45%
56 1
43%
38 4
40%
32 2
36%
62 4
26%
27 2
17%
35 2
10%
No matching quizzes found
Score Distribution
Percent of People with Each Score
Percentile by Number Answered
Your Score History
You have not taken this quiz